VietNam : Land of the blue dragon = VietNam : Le pays du dragon bleu

Presents information on Vietnam and about Vietnamese culture through over 450 photographs, texts, interactive maps, and modern and traditional Vietnamese music.

সংরক্ষণ করুন:
গ্রন্থ-পঞ্জীর বিবরন
বিন্যাস: গ্রন্থ
ভাষা:Undetermined
প্রকাশিত: Thailand Martine Aepli 2006
বিষয়গুলি:
ট্যাগগুলো: ট্যাগ যুক্ত করুন
কোনো ট্যাগ নেই, প্রথমজন হিসাবে ট্যাগ করুন!
Thư viện lưu trữ: Trung tâm Học liệu Trường Đại học Cần Thơ
LEADER 00712nam a2200205Ia 4500
001 CTU_132173
008 210402s9999 xx 000 0 und d
020 |c 960000 
082 |a 779.3 
082 |b V666 
245 0 |a VietNam : 
245 0 |b Land of the blue dragon = VietNam : Le pays du dragon bleu 
260 |a Thailand 
260 |b Martine Aepli 
260 |c 2006 
520 |a Presents information on Vietnam and about Vietnamese culture through over 450 photographs, texts, interactive maps, and modern and traditional Vietnamese music. 
650 |a Photographs,Tranh ảnh 
650 |z Vietnam,Việt nam 
904 |i Trọng Hải 
980 |a Trung tâm Học liệu Trường Đại học Cần Thơ